书目信息 |
| 题名: |
环境艺术设计制图与识图
|
|
| 作者: | 姜丽 主编 | |
| 分册: | ||
| 出版信息: | 合肥 安徽美术出版社 2020.2 |
|
| 页数: | 256页 | |
| 开本: | 29cm | |
| 丛书名: | ||
| 单 册: | ||
| 中图分类: | TU204.21 | |
| 科图分类: | ||
| 主题词: | 环境设计--建筑制图--职业大学--教材 | |
| 电子资源: | ||
| ISBN: | 978-7-5398-6923-0 | |
| 000 | 00908nam0 2200241 45 | |
| 001 | 012001001267 | |
| 005 | 20140913112415.0 | |
| 010 | @a978-7-5398-6923-0@dCNY52.00 | |
| 100 | @a20200113d2018 em y0chiy50 ea | |
| 101 | 0 | @achi |
| 102 | @aCN@b340000 | |
| 105 | @aa z 000yy | |
| 106 | @ar | |
| 200 | 1 | @a环境艺术设计制图与识图@Ahuan jing yi shu she ji zhi tu yu shi tu@b专著@f姜丽主编 |
| 210 | @a合肥@c安徽美术出版社@d2020.2 | |
| 215 | @a256页@c图@d29cm | |
| 300 | @a行动导向型特色教材 全国高等职业院校艺术设计类专业“十三五”规划教材/夏万爽总主编 环艺 室内 建装 | |
| 330 | @a本书内容包括环境艺术设计制图与识图概述、形体正投影的绘制、轴测图的绘制、透视图的绘制、建筑施工图、建筑装饰施工图、室外环境景观工程制图。 | |
| 606 | 0 | @a环境设计@x建筑制图@x职业大学@j教材 |
| 690 | @aTU204.21@v5 | |
| 701 | 0 | @a姜丽@Ajiang li@4主编 |
| 801 | 0 | @aCN@bBJSDL@c20211011 |
| 905 | @b1333695-8@dTU204.21@e1906@f4 | |
| 环境艺术设计制图与识图/姜丽主编.-合肥:安徽美术出版社,2020.2 |
| 256页:图;29cm |
| 行动导向型特色教材 全国高等职业院校艺术设计类专业“十三五”规划教材/夏万爽总主编 环艺 室内 建装 |
| ISBN 978-7-5398-6923-0:CNY52.00 |
| 本书内容包括环境艺术设计制图与识图概述、形体正投影的绘制、轴测图的绘制、透视图的绘制、建筑施工图、建筑装饰施工图、室外环境景观工程制图。 |
| ● |
| 相关链接 |
|
|
|
|
正题名:环境艺术设计制图与识图
索取号:TU204.21/1906
 
预约/预借
| 序号 | 登录号 | 条形码 | 馆藏地/架位号 | 状态 | 备注 |
| 1 | 1333695 | 213336950 | 第二样本阅览室/ [索取号:TU204.21/1906] | 在馆 | |
| 2 | 1333696 | 213336969 | 第三借阅区/ [索取号:TU204.21/1906] | 在馆 | |
| 3 | 1333697 | 213336978 | 第三借阅区/ [索取号:TU204.21/1906] | 在馆 | |
| 4 | 1333698 | 213336987 | 第三借阅区/ [索取号:TU204.21/1906] | 在馆 |